Decoding the IT value problem : an executive guide for achieving optimal ROI on critical IT investments

Gespeichert in:
Bibliographische Detailangaben
1. Verfasser:  Fell, Gregory J
Format: Sách
Sprache:Undetermined
Veröffentlicht:  John Wiley & Sons  2013
Schlagworte:
Tags: Tag hinzufügen
Keine Tags, Fügen Sie den ersten Tag hinzu!
Thư viện lưu trữ: Trung tâm Thư viện - Trường Đại học Công nghiệp TP. Hồ Chí Minh
LEADER 00559nam a2200157Ia 4500
001 UIH_04196
008 231011s9999 xx 000 0 und d
082 |a  004.068 
100 |a  Fell, Gregory J 
245 0 |a  Decoding the IT value problem : an executive guide for achieving optimal ROI on critical IT investments 
245 0 |c  Fell, Gregory J 
260 |b  John Wiley & Sons 
260 |c  2013 
650 |a  Công nghệ thông tin;  
927 |a Sách 
980 |a Trung tâm Thư viện - Trường Đại học Công nghiệp TP. Hồ Chí Minh